| 000 | 00957nam a22002777a 4500 | ||
|---|---|---|---|
| 001 | 144 | ||
| 003 | FISKH | ||
| 005 | 20230301094151.0 | ||
| 008 | 230301b cb ||||| |||| 00| 0 eng d | ||
| 040 |
_aDLC _cDLC _dDLC _dFISKH _beng |
||
| 042 | _alcac | ||
| 050 | 0 | 0 |
_aPZ7.J15253 _bSl 1991 |
| 082 | 0 | 0 |
_a459 _220 |
| 100 | 1 | _aJacobs, Paul Samuel. | |
| 245 | 1 | 0 |
_aSleepers, wake / _cPaul Samuel Jacobs. |
| 260 |
_aNew York _bScholastic _c1991. |
||
| 300 |
_a183 p. _c20 cm. |
||
| 505 | _aM | ||
| 520 | _aDody, a space pioneer of the future, wakes long before anyone else during his ship's journey and grows old while his family continues to sleep. | ||
| 521 | 8 |
_a790 _bLexile |
|
| 521 | 8 |
_aM _bRaz-Plus |
|
| 650 | 1 | _aScience fiction. | |
| 906 |
_a7 _bcbc _corignew _d3 _eopcn _f19 _gy-gencatlg |
||
| 942 |
_2ddc _cBK _n0 |
||
| 999 |
_c144 _d144 |
||